Mercadeo estratégico internacional

Uloženo v:
Podrobná bibliografie
Hlavní autor: Negandhi, Anant R.
Další autoři: Savara, Arun
Médium: Kniha
Jazyk:španělština
Vydáno: Bogotá Legis. c1991.
Témata:
Tagy: Přidat tag
Žádné tagy, Buďte první, kdo vytvoří štítek k tomuto záznamu!

MARC

LEADER 00000nam a22000005a 4500
003 CL-ChBUA
005 20120815102950.0
008 070301s1991 ck 000 0dspa
020 |a 9586530035 
040 |a CL-ChBUA  |c CL-ChBUA 
082 0 0 |a 658.8 
090 |c 6524  |d 6524 
100 1 |a Negandhi, Anant R. 
245 1 0 |a Mercadeo estratégico internacional 
260 |b Legis.  |a Bogotá  |c c1991. 
300 |a xvi, 289 p.  |c 23 cm. 
504 |a Indice, bibl., gráfs., cuads. 
650 4 |a COMERCIALIZACION. 
650 4 |a PROMOCION DE VENTAS. 
700 1 |a Savara, Arun 
942 |c LIB 
952 |0 0  |1 0  |4 0  |7 0  |9 9861  |a UNACH  |b UNACH  |c 600  |d 2007-03-05  |i 30.070.  |l 0  |o 658.8 / N 384  |p 10860  |r 2019-05-16 00:00:00  |u 9861  |w 2012-08-08  |y LIB  |k 658.8 / N 384 
999 |c 6524  |d 6524